Datum a čas kvízu
32.5
Celkem bodů
Celkový počet nahraných bodů na tomto kvízu bez doplňovacích otázek.
5.
Pořadí na kvízu
Konečné umístění týmu na tomto kvízu.
Zaznamenané odpovědi
| # | Otázka | Odpověď | Body | Výsledky |
|---|---|---|---|---|
| 1. | Prezidentská kancelář zveřejni... | špatná akustika | 1 | |
| 2. | Minulý týden soud osvobodil čt... | v Belgii | 1 | |
| 3. | Mezinárodní filmový festival K... | Ivan Trojan | 1 | |
| 4. | Mobilní síť jednoho českého op... | Vodafone | 1 | |
| 5. | V pondělí padl unikátní rekord... | USK | 1 | |
| 6. | Sugo all'amatriciana patří mez... | guanciale; pecorino | 0 | |
| 7. | Napište zakrytou značku zobraz... | Kikkoman | 0 | |
| 8. | Když se řekne omáčka, určitě s... | 15 | 0 | |
| 9. | Město Worcester dalo jméno jed... | C; čertovo lejno | 0 | |
| 10. | Jak se označuje tato jednoduch... | velouté | 0 |